000 00668nam a2200289Ia 4500
005 20260324145253.0
008 008 260324s9999 xx 000 0 eng d
020 _a9781032694085
037 _aEBOOK
040 _aCRL
040 _beng
040 _cCRL
041 _2eng
041 _aeng
084 _qCRL
100 _aDorothy Jerrome
_91222369
245 0 _aAgeing in Modern Society
245 0 _bContemporary Approaches
260 _bTaylor and Francis
260 _c1983
365 _a
365 _b170
856 _uhttp://www.taylorfrancis.com/books/9781032694085
942 _cEBOOK
999 _c1830037
_d1830037